00322nam a2200121Ia 4500008004100000082001800041100001600059245005000075250000800125260004300133300000800176650001600184191201s2005 xx 000 0 und d a621.3104bCHL aCHANDA, C K 0aLaboratory Exeperiment on Electrical Machines aRep aN.DelhibDhanpat Rai Pub (P) Ltdc2005 a197 aB.Tech(ECE)